000 00878cad a22002055a 4500
001 L155192
008 120309e20120206xxk f 000 0 eng d
035 _a(Sirsi) u155192
041 0 _aeng
110 2 _aMarkit
_95915
245 0 0 _aSnow causes major disruption in German construction sector
_h[electronic resource]
260 _c2012
490 _aMarkit News Release
_v6 March 2012
520 _aMarkit Germany Construction PMI key points are: sharpest drop in activity since weather-related downturn two years ago; civil engineering activity falls at record pace; employment down for first time in 14 months.
590 _aKA
651 4 _aGermany
_y1990-
690 _aConstruction management
_96230
856 4 0 _uhttps://www.markiteconomics.com/MarkitFiles/Pages/ViewPressRelease.aspx?ID=9283
_zView this item free of charge at www.markiteconomics.com
942 _n0
999 _c113383
_d113383